=LDR 00000nam 2200000 4500 =001 INLIS000000000006283 =005 20130612094431 =008 ***********************************Ind** =035 ##$$0010-061300000006283 =041 ##$$a Ind =082 ##$$a 001.3 =090 ##$$a 001.3 Gop m =100 ##$$a Gopinathan, S =245 ##$$a Man and peace/S. Gopinathan =260 ##$$a 1997 $b Singapura =300 ##$$a 123 hlm. : ilus. ; 20 cm =650 ##$$a Ilmu pengetahuan-perluasannya =850 ##$$a NBPNMAT